Effectif XV de France 6 nations 2017 - Statistiques

Statistiques générales
  • Ce quiz a été pris 24 fois
  • Le résultat moyen est 20 sur 42
Statistiques - réponses
Poste Joueur Club % Correct
Cyril Baille Stade Toulousain
95%
Pilier Uini Atonio Stade Rochelais
95%
Talonneur Camille Chat Racing 92
82%
Guilhem Guirado RC Toulon
82%
Gaël Fickou Stade Toulousain
77%
Yoann Huget Stade Toulousain
77%
Antoine Dupont Castres Olympique
73%
Baptiste Serin Union Bordeaux Bègles
73%
Camille Lopez ASM Clermont
73%
Rabah Slimani Stade Français
73%
Brice Dulin Racing 92
68%
Demi de Mêlée Maxime Machenaud Racing 92
64%
Louis Picamoles Northampton Saints
59%
Wesley Fofana ASM Clermont
59%
Scott Spedding ASM Clermont
55%
Arthur Iturria ASM Clermont
50%
3ème Ligne Damien Chouly ASM Clermont
50%
Centre Mathieu Bastareaud RC Toulon
50%
Sébastien Vahaamahina ASM Clermont
50%
Yoann Maestri Stade Toulousain
50%
Demi d'Ouverture Jean-Marc Doussain Stade Toulousain
45%
Bernard Le Roux Racing 92
41%
François Trinh-Duc RC Toulon
41%
Kevin Gourdon Stade Rochelais
41%
Eddy Ben Arous Racing 92
36%
Noa Nakaitaci ASM Clermont
36%
Rémi Lamerat ASM Clermont
36%
Virimi Vakatawa Racing 92
36%
Arrière Geoffrey Palis Castres Olympique
32%
Henry Chavancy Racing 92
32%
Julien Le Devedec CA Brive
32%
Gabriel Lacroix Stade Rochelais
27%
Loann Goujon Union Bordeaux Bègles
27%
Ailier Djibril Camara Stade Français
23%
2ème Ligne Paul Jedrasiak ASM Clermont
23%
Xavier Chiocci RC Toulon
23%
Yann David Stade Toulousain
23%
Christopher Tolofua Stade Toulousain
18%
Clément Maynadier Union Bordeaux Bègles
18%
Fabien Sanconnie CA Brive
9%
Raphaël Lakafia Stade Français
9%
Mohamed Boughanmi Stade Rochelais
5%
Aucun quiz correspondant
Distribution des résultats
% des personnes avec chaque résultat
Percentile par nombre de réponses
Votre historique - résultats
Vous n’avez pas pris ce quiz